Normal view
MARC view
- México
Entry Nombre Geográfico
001 - NÚMERO DE CONTROL
- campo de control: 44921
003 - IDENTIFICADOR DE NUMERO DE CONTROL
- campo de control: UPN
005 - FECHA Y HORA DE LA ÜLTIMA TRANSACCIÓN
- campo de control: 20240219123626.0
008 - DATOS DE LONGITUD FIJA
- campo de control de longitud fija: 220617|| acn||babn | a|a d
040 ## - FUENTE DE CATALOGACIÓN
- Agencia de catalogación original: UPN
151 ## - ENCABEZAMIENTO - NOMBRE GEOGRÁFICO
- Nombre geográfico: México
- Subdivisión general : Condiciones rurales
- Subdivisión de forma: Estudio de casos
670 ## - FUENTE EN LA QUE SE LOCALIZARON DATOS
- Cita de la fuente: Autoridades BGTQ, 19 febrero 2024:
- Información localizada: (
